000 00300nam a22001337a 4500
008 171010b xxu||||| |||| 00| 0 eng d
020 _a9780691059334
041 _aeng
080 _a316
100 _a50
101 _aSOC
245 _aFOUNDATIONS OF SOCIAL EVOLUTION
_cFRANK,S.A
942 _2udc
_cBK
999 _c32850
_d32850